[Event "Hastings Masters"]
[Site "Horntye, Hastings"]
[Date "2018.01.05"]
[Round "9"]
[Board "1"]
[White "LOU, Yiping"]
[Black "DAS, Arghyadip"]
[Result "1/2-1/2"]
[WhiteElo "2462"]
[BlackElo "2451"]
[PlyCount "0"]
[EventDate "2017.12.28"]
[EventRounds "9"]
[EventCountry "ENG"]

1. d4 {[%clk 1:40:08]} Nf6 {[%clk 1:40:34]} 2. c4 {[%clk 1:40:25]} e6
{[%clk 1:40:59]} 3. Nc3 {[%clk 1:40:47]} Bb4 {[%clk 1:41:20]} 4. Qc2
{[%clk 1:41:09]} d5 {[%clk 1:40:40]} 5. a3 {[%clk 1:40:33]} Bxc3+
{[%clk 1:40:48]} 6. Qxc3 {[%clk 1:40:58]} O-O {[%clk 1:40:54]} 7. Bg5
{[%clk 1:37:57]} dxc4 {[%clk 1:39:26]} 8. Qxc4 {[%clk 1:38:14]} b6
{[%clk 1:39:41]} 9. Nf3 {[%clk 1:37:42]} Ba6 {[%clk 1:34:43]} 10. Qa4
{[%clk 1:37:19]} c5 {[%clk 1:24:47]} 11. dxc5 {[%clk 1:33:44]} bxc5
{[%clk 1:23:55]} 12. Rd1 {[%clk 1:31:39]} Qb6 {[%clk 1:15:39]} 13. Bxf6
{[%clk 1:31:21]} gxf6 {[%clk 1:16:07]} 14. Rd2 {[%clk 1:29:42]} Nc6
{[%clk 1:06:29]} 15. Qg4+ {[%clk 1:27:26]} Kh8 {[%clk 1:06:59]} 16. Qh4
{[%clk 1:27:31]} Kg7 {[%clk 1:06:24]} 17. Qg4+ {[%clk 1:27:46]} Kh8
{[%clk 1:06:46]} 18. Qh4 {[%clk 1:28:08]} Kg7 1/2-1/2

[Event "Hastings Masters"]
[Site "Horntye, Hastings"]
[Date "2018.01.05"]
[Round "9"]
[Board "2"]
[White "SENGUPTA, Deep"]
[Black "GORMALLY, Daniel W"]
[Result "1-0"]
[WhiteElo "2586"]
[BlackElo "2477"]
[PlyCount "0"]
[EventDate "2017.12.28"]
[EventRounds "9"]
[EventCountry "ENG"]

1. e4 {[%clk 1:40:58]} c5 {[%clk 1:40:47]} 2. Nf3 {[%clk 1:41:22]} d6
{[%clk 1:41:09]} 3. d4 {[%clk 1:41:47]} Nf6 {[%clk 1:41:32]} 4. Nc3
{[%clk 1:42:13]} cxd4 {[%clk 1:41:57]} 5. Nxd4 {[%clk 1:42:37]} a6
{[%clk 1:42:20]} 6. Bg5 {[%clk 1:42:54]} e6 {[%clk 1:40:55]} 7. f4
{[%clk 1:43:19]} Qc7 {[%clk 1:38:53]} 8. Qf3 {[%clk 1:42:45]} Nbd7
{[%clk 1:38:32]} 9. O-O-O {[%clk 1:43:06]} Be7 {[%clk 1:35:46]} 10. g4
{[%clk 1:42:41]} h6 {[%clk 1:30:24]} 11. Bxf6 {[%clk 1:38:32]} Bxf6
{[%clk 1:25:48]} 12. h4 {[%clk 1:38:26]} Qb6 {[%clk 1:19:18]} 13. Nb3
{[%clk 1:36:18]} Nc5 {[%clk 1:15:10]} 14. Nxc5 {[%clk 1:17:43]} Qxc5
{[%clk 1:13:05]} 15. e5 {[%clk 1:17:41]} dxe5 {[%clk 1:10:26]} 16. Ne4
{[%clk 1:15:22]} Qc6 {[%clk 0:53:55]} 17. Bg2 {[%clk 0:49:32]} Be7
{[%clk 0:53:59]} 18. fxe5 {[%clk 0:44:30]} O-O {[%clk 0:52:36]} 19. g5
{[%clk 0:43:25]} Qb5 {[%clk 0:52:50]} 20. Qg3 {[%clk 0:40:14]} h5
{[%clk 0:50:36]} 21. Nf6+ {[%clk 0:29:42]} Kh8 {[%clk 0:51:01]} 22. Nxh5
{[%clk 0:30:00]} Bd7 {[%clk 0:51:08]} 23. Qg4 {[%clk 0:26:49]} Rac8
{[%clk 0:45:43]} 24. Nf6 {[%clk 0:25:35]} gxf6 {[%clk 0:45:00]} 25. gxf6
{[%clk 0:25:59]} Bxf6 {[%clk 0:44:34]} 26. Qh5+ {[%clk 0:21:44]} 1-0

[Event "Hastings Masters"]
[Site "Horntye, Hastings"]
[Date "2018.01.05"]
[Round "9"]
[Board "3"]
[White "VAKHIDOV, Jakhongir"]
[Black "STANY, G.A."]
[Result "1/2-1/2"]
[WhiteElo "2500"]
[BlackElo "2502"]
[PlyCount "0"]
[EventDate "2017.12.28"]
[EventRounds "9"]
[EventCountry "ENG"]

1. d4 {[%clk 1:32:58]} Nf6 {[%clk 1:40:56]} 2. c4 {[%clk 1:33:05]} g6
{[%clk 1:41:21]} 3. g3 {[%clk 1:33:09]} c6 {[%clk 1:41:41]} 4. Bg2
{[%clk 1:32:53]} d5 {[%clk 1:42:04]} 5. Qa4 {[%clk 1:33:05]} Bg7 {[%clk 1:33:52]}
6. cxd5 {[%clk 1:31:39]} Nxd5 {[%clk 1:34:17]} 7. Nf3 {[%clk 1:31:29]} Nb6
{[%clk 1:30:45]} 8. Qc2 {[%clk 1:28:54]} Bxd4 {[%clk 1:15:34]} 9. Nxd4
{[%clk 1:26:03]} Qxd4 {[%clk 1:15:59]} 10. O-O {[%clk 1:21:49]} O-O
{[%clk 1:14:31]} 11. Bh6 {[%clk 1:18:09]} Re8 {[%clk 1:14:47]} 12. Nc3
{[%clk 1:18:00]} Be6 {[%clk 1:13:34]} 13. Rad1 {[%clk 1:14:19]} Qc5
{[%clk 1:03:56]} 14. Be3 {[%clk 1:06:39]} Qf5 {[%clk 1:02:22]} 15. Be4
{[%clk 1:07:07]} Qh5 {[%clk 1:02:44]} 16. Bf3 {[%clk 0:59:20]} Bg4
{[%clk 0:58:41]} 17. Bxg4 {[%clk 0:57:17]} Qxg4 {[%clk 0:59:06]} 18. Rd4
{[%clk 0:57:37]} Qf5 {[%clk 0:55:37]} 19. Qxf5 {[%clk 0:56:58]} gxf5
{[%clk 0:56:04]} 20. Rf4 {[%clk 0:50:45]} e6 {[%clk 0:38:17]} 21. g4
{[%clk 0:50:21]} fxg4 {[%clk 0:36:43]} 22. Rxg4+ {[%clk 0:50:17]} Kh8
{[%clk 0:37:10]} 23. Bd4+ {[%clk 0:49:29]} e5 {[%clk 0:37:14]} 24. Bxb6
{[%clk 0:49:47]} axb6 {[%clk 0:37:38]} 25. Rd1 {[%clk 0:50:09]} Na6
{[%clk 0:29:27]} 26. Rd7 {[%clk 0:50:26]} f5 {[%clk 0:29:51]} 27. Rgg7
{[%clk 0:39:32]} Rg8 {[%clk 0:30:09]} 28. Rxg8+ {[%clk 0:38:49]} Rxg8+
{[%clk 0:30:32]} 29. Kf1 {[%clk 0:39:03]} Rg7 {[%clk 0:30:50]} 30. Rd8+
{[%clk 0:39:27]} Rg8 {[%clk 0:31:17]} 31. Rd7 {[%clk 0:39:49]} Rg7 1/2-1/2

[Event "Hastings Masters"]
[Site "Horntye, Hastings"]
[Date "2018.01.05"]
[Round "9"]
[Board "4"]
[White "HEBDEN, Mark L"]
[Black "RADOVANOVIC, Jovica"]
[Result "1-0"]
[WhiteElo "2445"]
[BlackElo "2320"]
[PlyCount "0"]
[EventDate "2017.12.28"]
[EventRounds "9"]
[EventCountry "ENG"]

1. d4 {[%clk 1:40:58]} Nf6 {[%clk 1:40:37]} 2. Bg5 {[%clk 1:41:15]} d5
{[%clk 1:40:51]} 3. e3 {[%clk 1:39:52]} c6 {[%clk 1:41:01]} 4. Bxf6
{[%clk 1:38:12]} exf6 {[%clk 1:41:23]} 5. c4 {[%clk 1:35:31]} dxc4
{[%clk 1:41:32]} 6. Bxc4 {[%clk 1:35:44]} Bd6 {[%clk 1:41:51]} 7. Nc3
{[%clk 1:35:54]} O-O {[%clk 1:42:10]} 8. Qc2 {[%clk 1:35:37]} Nd7
{[%clk 1:41:00]} 9. Bd3 {[%clk 1:35:39]} g6 {[%clk 1:37:35]} 10. h4
{[%clk 1:35:23]} f5 {[%clk 1:37:14]} 11. h5 {[%clk 1:34:03]} Nf6 {[%clk 1:37:37]}
12. hxg6 {[%clk 1:33:59]} hxg6 {[%clk 1:37:59]} 13. Nf3 {[%clk 1:34:17]} Kg7
{[%clk 1:36:57]} 14. O-O-O {[%clk 1:34:13]} Be6 {[%clk 1:28:11]} 15. Kb1
{[%clk 1:33:53]} Qe7 {[%clk 1:21:58]} 16. Ng5 {[%clk 1:28:00]} Rh8
{[%clk 1:15:44]} 17. Rhe1 {[%clk 1:26:00]} Rh5 {[%clk 1:07:27]} 18. Nxe6+
{[%clk 1:24:07]} Qxe6 {[%clk 1:07:43]} 19. f3 {[%clk 1:24:25]} Rd8
{[%clk 1:07:14]} 20. e4 {[%clk 1:20:30]} fxe4 {[%clk 1:06:29]} 21. fxe4
{[%clk 1:20:30]} Be7 {[%clk 0:46:01]} 22. e5 {[%clk 1:18:16]} Ng4
{[%clk 0:45:17]} 23. Re4 {[%clk 1:15:23]} Nh6 {[%clk 0:40:27]} 24. Ne2
{[%clk 1:12:23]} Bg5 {[%clk 0:35:10]} 25. Bc4 {[%clk 1:09:31]} Qe7
{[%clk 0:35:33]} 26. Ng3 {[%clk 1:00:46]} Rh4 {[%clk 0:33:10]} 27. Rxh4
{[%clk 0:59:05]} Bxh4 {[%clk 0:33:24]} 28. Ne4 {[%clk 0:59:17]} Ng4
{[%clk 0:26:55]} 29. Qe2 {[%clk 0:57:39]} f5 {[%clk 0:23:13]} 30. Nc5
{[%clk 0:57:28]} Nf2 {[%clk 0:10:46]} 31. Rf1 {[%clk 0:51:30]} Rh8
{[%clk 0:07:06]} 32. a3 {[%clk 0:45:02]} Rh6 {[%clk 0:07:05]} 33. Rxf2
{[%clk 0:32:54]} Bxf2 {[%clk 0:07:30]} 34. Qxf2 {[%clk 0:33:19]} b6
{[%clk 0:00:36]} 35. Ne6+ {[%clk 0:31:52]} Kh7 {[%clk 0:01:02]} 36. Qf3
{[%clk 0:29:52]} b5 {[%clk 0:00:42]} 37. Bb3 {[%clk 0:29:56]} Rh1+
{[%clk 0:00:35]} 38. Ka2 {[%clk 0:29:58]} a5 {[%clk 0:00:35]} 39. Qxc6
{[%clk 0:27:51]} a4 {[%clk 0:00:55]} 40. Bd5 {[%clk 0:28:07]} b4 {[%clk 0:00:33]}
41. axb4 {[%clk 0:28:09]} 1-0

[Event "Hastings Masters"]
[Site "Horntye, Hastings"]
[Date "2018.01.05"]
[Round "9"]
[Board "5"]
[White "FIER, Alexandr"]
[Black "PITSCHKA, Claus"]
[Result "1/2-1/2"]
[WhiteElo "2576"]
[BlackElo "2249"]
[PlyCount "0"]
[EventDate "2017.12.28"]
[EventRounds "9"]
[EventCountry "ENG"]

1. e4 {[%clk 1:40:57]} Nf6 {[%clk 1:33:55]} 2. e5 {[%clk 1:41:20]} Nd5
{[%clk 1:34:20]} 3. d4 {[%clk 1:41:46]} d6 {[%clk 1:34:39]} 4. c4
{[%clk 1:42:13]} Nb6 {[%clk 1:35:04]} 5. f4 {[%clk 1:42:39]} dxe5
{[%clk 1:35:27]} 6. fxe5 {[%clk 1:43:04]} Nc6 {[%clk 1:35:51]} 7. Be3
{[%clk 1:43:31]} Bf5 {[%clk 1:36:15]} 8. Nc3 {[%clk 1:43:56]} e6 {[%clk 1:36:39]}
9. Nf3 {[%clk 1:44:22]} Bb4 {[%clk 1:37:04]} 10. Be2 {[%clk 1:42:12]} O-O
{[%clk 1:35:45]} 11. O-O {[%clk 1:42:36]} Bxc3 {[%clk 1:33:26]} 12. bxc3
{[%clk 1:43:00]} Na5 {[%clk 1:33:18]} 13. c5 {[%clk 1:42:09]} Nd5
{[%clk 1:32:14]} 14. Bd2 {[%clk 1:40:47]} Ne7 {[%clk 1:28:32]} 15. c4
{[%clk 1:37:41]} Nac6 {[%clk 1:28:54]} 16. Bc3 {[%clk 1:38:07]} b6
{[%clk 1:24:32]} 17. cxb6 {[%clk 1:37:20]} axb6 {[%clk 1:24:56]} 18. Nh4
{[%clk 1:36:56]} Qd7 {[%clk 1:15:06]} 19. d5 {[%clk 1:35:10]} Na5
{[%clk 1:08:52]} 20. d6 {[%clk 1:33:22]} Ng6 {[%clk 1:04:17]} 21. Nxf5
{[%clk 1:33:47]} exf5 {[%clk 1:04:43]} 22. Qd5 {[%clk 1:32:46]} cxd6
{[%clk 0:59:03]} 23. exd6 {[%clk 1:33:03]} Rac8 {[%clk 0:59:23]} 24. Bxa5
{[%clk 1:32:36]} Rc5 {[%clk 0:58:49]} 25. Qd4 {[%clk 1:33:01]} Rxa5
{[%clk 0:58:39]} 26. Qxb6 {[%clk 1:33:26]} Re5 {[%clk 0:54:13]} 27. Bf3
{[%clk 1:33:36]} Rc8 {[%clk 0:54:35]} 28. Bd5 {[%clk 1:33:42]} Re2
{[%clk 0:52:02]} 29. Rad1 {[%clk 1:32:57]} Rxa2 {[%clk 0:48:15]} 30. c5
{[%clk 1:28:13]} Rc2 {[%clk 0:48:32]} 31. Bxf7+ {[%clk 1:26:59]} Kh8
{[%clk 0:41:16]} 32. Bxg6 {[%clk 1:27:24]} hxg6 {[%clk 0:41:34]} 33. Rd4
{[%clk 1:25:21]} g5 {[%clk 0:38:38]} 34. Rd5 {[%clk 1:25:46]} Qe6
{[%clk 0:39:00]} 35. Qb3 {[%clk 1:25:05]} R8xc5 {[%clk 0:35:41]} 36. Qh3+
{[%clk 1:20:29]} Kg8 {[%clk 0:33:38]} 37. Rdd1 {[%clk 1:20:51]} Rd5
{[%clk 0:28:58]} 38. Qb3 {[%clk 1:14:15]} Rcc5 {[%clk 0:28:56]} 39. Kh1
{[%clk 1:04:52]} Kh7 {[%clk 0:26:16]} 40. Qh3+ {[%clk 1:04:43]} Kg6
{[%clk 0:26:18]} 41. Rde1 {[%clk 0:56:31]} Qxd6 {[%clk 0:25:53]} 1/2-1/2

[Event "Hastings Masters"]
[Site "Horntye, Hastings"]
[Date "2018.01.05"]
[Round "9"]
[Board "6"]
[White "WALL, Tim P"]
[Black "CHERNIAEV, Alexander"]
[Result "1/2-1/2"]
[WhiteElo "2236"]
[BlackElo "2436"]
[PlyCount "0"]
[EventDate "2017.12.28"]
[EventRounds "9"]
[EventCountry "ENG"]

1. b3 {[%clk 1:40:54]} d6 {[%clk 1:40:04]} 2. Bb2 {[%clk 1:40:55]} Nd7
{[%clk 1:40:00]} 3. g3 {[%clk 1:35:44]} Ngf6 {[%clk 1:38:47]} 4. Bg2
{[%clk 1:36:02]} g6 {[%clk 1:39:11]} 5. d4 {[%clk 1:35:56]} Bg7 {[%clk 1:39:31]}
6. Nf3 {[%clk 1:36:17]} O-O {[%clk 1:38:39]} 7. O-O {[%clk 1:36:35]} e5
{[%clk 1:27:15]} 8. dxe5 {[%clk 1:29:20]} dxe5 {[%clk 1:25:27]} 9. Nxe5
{[%clk 1:19:11]} Ng4 {[%clk 1:15:14]} 10. Nd3 {[%clk 1:18:27]} Bxb2
{[%clk 1:13:56]} 11. Nxb2 {[%clk 1:18:46]} Qf6 {[%clk 1:14:12]} 12. c3
{[%clk 1:18:07]} Rd8 {[%clk 1:12:40]} 13. Qc1 {[%clk 1:07:41]} Nc5
{[%clk 1:08:41]} 14. b4 {[%clk 1:00:41]} Nd7 {[%clk 1:05:41]} 15. Qf4
{[%clk 0:42:49]} Qxf4 {[%clk 1:05:18]} 16. gxf4 {[%clk 0:43:10]} Nf8
{[%clk 0:57:58]} 17. Nd3 {[%clk 0:37:47]} Nf6 {[%clk 0:51:05]} 18. Nc5
{[%clk 0:30:54]} c6 {[%clk 0:35:37]} 19. e3 {[%clk 0:27:30]} a5 {[%clk 0:32:55]}
20. b5 {[%clk 0:14:23]} cxb5 {[%clk 0:28:34]} 21. Na3 {[%clk 0:13:09]} b4
{[%clk 0:24:45]} 22. cxb4 {[%clk 0:13:14]} axb4 {[%clk 0:25:13]} 23. Nc2
{[%clk 0:13:33]} Ne6 {[%clk 0:22:25]} 24. Nxe6 {[%clk 0:12:58]} Bxe6
{[%clk 0:22:53]} 25. Nxb4 {[%clk 0:13:13]} Ra3 {[%clk 0:21:45]} 26. Rfd1 Rxd1+
{[%clk 0:16:43]} 27. Rxd1 {[%clk 0:11:06]} Ra4 {[%clk 0:16:56]} 28. Rb1
{[%clk 0:07:59]} Bxa2 {[%clk 0:13:12]} 29. Nxa2 {[%clk 0:08:19]} Rxa2
{[%clk 0:13:35]} 30. h3 {[%clk 0:05:58]} Rd2 {[%clk 0:05:57]} 31. Bxb7 Rd7
{[%clk 0:05:57]} 32. Bc6 {[%clk 0:05:32]} Rc7 {[%clk 0:06:03]} 33. Bf3
{[%clk 0:05:42]} Nd7 {[%clk 0:05:54]} 34. Rd1 {[%clk 0:04:38]} f5
{[%clk 0:06:03]} 35. Rd6 {[%clk 0:03:07]} Kg7 {[%clk 0:06:27]} 36. Kg2
{[%clk 0:03:05]} Nf6 {[%clk 0:06:49]} 37. Rb6 {[%clk 0:02:19]} Rd7
{[%clk 0:04:45]} 38. Rb7 {[%clk 0:02:47]} Rxb7 {[%clk 0:04:29]} 39. Bxb7 Kf7
{[%clk 0:04:26]} 40. Kf3 {[%clk 0:02:06]} Ke7 {[%clk 0:02:43]} 41. Ke2 h6 42. h4
{[%clk 0:46:55]} Nh7 {[%clk 0:34:05]} 43. Kf3 {[%clk 0:41:19]} Nf6
{[%clk 0:21:49]} 44. Bc8 {[%clk 0:37:30]} Nh5 45. Ke2 {[%clk 0:31:32]} Kf6
{[%clk 0:20:49]} 46. Kd3 {[%clk 0:26:54]} g5 {[%clk 0:21:04]} 47. hxg5+
{[%clk 0:27:18]} hxg5 {[%clk 0:21:30]} 48. fxg5+ {[%clk 0:27:40]} Kxg5
{[%clk 0:21:57]} 49. Kd4 {[%clk 0:27:52]} Kf6 {[%clk 0:21:55]} 50. Kd5
{[%clk 0:24:16]} Ng7 {[%clk 0:22:07]} 51. Bd7 {[%clk 0:24:29]} Nh5
{[%clk 0:20:01]} 52. Ba4 {[%clk 0:22:54]} Ng7 {[%clk 0:20:29]} 53. Bd1
{[%clk 0:23:12]} Ne6 {[%clk 0:20:40]} 54. Bf3 {[%clk 0:21:15]} Ng5
{[%clk 0:20:41]} 55. Bg2 {[%clk 0:21:34]} Ne6 {[%clk 0:21:09]} 56. Kd6
{[%clk 0:21:34]} Ng5 {[%clk 0:21:21]} 57. f4 1/2-1/2

[Event "Hastings Masters"]
[Site "Horntye, Hastings"]
[Date "2018.01.05"]
[Round "9"]
[Board "7"]
[White "MAISURADZE, Nino"]
[Black "ARKELL, Keith C"]
[Result "0-1"]
[WhiteElo "2256"]
[BlackElo "2416"]
[PlyCount "0"]
[EventDate "2017.12.28"]
[EventRounds "9"]
[EventCountry "ENG"]

1. d4 {[%clk 1:40:58]} Nf6 {[%clk 1:40:55]} 2. c4 {[%clk 1:41:21]} c5
{[%clk 1:41:19]} 3. d5 {[%clk 1:41:13]} e5 {[%clk 1:41:44]} 4. Nc3
{[%clk 1:40:57]} d6 {[%clk 1:42:01]} 5. e4 {[%clk 1:40:33]} g6 {[%clk 1:42:26]}
6. Be2 {[%clk 1:39:13]} Bg7 {[%clk 1:42:51]} 7. Be3 {[%clk 1:38:33]} Na6
{[%clk 1:43:03]} 8. a3 {[%clk 0:44:35]} Nc7 {[%clk 1:42:27]} 9. b4
{[%clk 0:44:41]} b6 {[%clk 1:42:50]} 10. Rb1 {[%clk 0:44:03]} O-O
{[%clk 1:42:57]} 11. h4 {[%clk 0:43:05]} h5 {[%clk 1:42:00]} 12. Nh3
{[%clk 0:30:54]} Ng4 {[%clk 1:40:45]} 13. Bd2 {[%clk 0:27:21]} f5
{[%clk 1:34:10]} 14. Ng5 {[%clk 0:26:49]} f4 {[%clk 1:33:38]} 15. f3
{[%clk 0:25:42]} Nh6 {[%clk 1:30:26]} 16. g3 {[%clk 0:25:26]} fxg3
{[%clk 1:29:11]} 17. Rg1 {[%clk 0:24:49]} Rf4 {[%clk 1:29:03]} 18. Be3
{[%clk 0:04:27]} Rxh4 {[%clk 1:27:47]} 19. Kd2 {[%clk 0:04:47]} Rf4
{[%clk 1:17:55]} 20. Rxg3 {[%clk 0:05:15]} Ng4 {[%clk 1:14:45]} 21. fxg4
{[%clk 0:04:56]} Qxg5 {[%clk 1:15:05]} 22. Qg1 {[%clk 0:04:10]} hxg4
{[%clk 1:10:50]} 23. Qg2 {[%clk 0:01:49]} Ne8 {[%clk 1:11:08]} 24. Rg1
{[%clk 0:00:49]} Nf6 {[%clk 1:11:32]} 25. Rh3 {[%clk 0:00:41]} Bd7
{[%clk 1:08:19]} 26. Nd1 {[%clk 0:00:42]} Nxe4+ {[%clk 1:07:22]} 27. Ke1
{[%clk 0:00:34]} gxh3 {[%clk 1:07:39]} 28. Qxg5 {[%clk 0:00:55]} Nxg5
{[%clk 1:08:03]} 0-1

[Event "Hastings Masters"]
[Site "Horntye, Hastings"]
[Date "2018.01.05"]
[Round "9"]
[Board "8"]
[White "TAYLOR, Adam C"]
[Black "LALIC, Bogdan"]
[Result "1/2-1/2"]
[WhiteElo "2242"]
[BlackElo "2415"]
[PlyCount "0"]
[EventDate "2017.12.28"]
[EventRounds "9"]
[EventCountry "ENG"]

1. Nf3 {[%clk 1:40:57]} d5 {[%clk 1:34:44]} 2. g3 {[%clk 1:41:17]} Bg4
{[%clk 1:34:53]} 3. Bg2 {[%clk 1:41:37]} Nd7 {[%clk 1:35:12]} 4. O-O
{[%clk 1:41:20]} e6 {[%clk 1:34:55]} 5. c4 {[%clk 1:40:34]} Ngf6 {[%clk 1:33:58]}
6. b3 {[%clk 1:38:41]} Bd6 {[%clk 1:28:26]} 7. Bb2 {[%clk 1:38:34]} O-O
{[%clk 1:28:41]} 8. d3 {[%clk 1:37:56]} c6 {[%clk 1:28:31]} 9. h3 Bh5 10. Nbd2
{[%clk 1:35:29]} a5 {[%clk 1:28:27]} 11. a3 {[%clk 1:34:56]} Re8 {[%clk 1:23:44]}
12. e4 {[%clk 1:31:51]} 1/2-1/2

[Event "Hastings Masters"]
[Site "Horntye, Hastings"]
[Date "2018.01.05"]
[Round "9"]
[Board "9"]
[White "ROYSET, Pal"]
[Black "BATES, Richard A"]
[Result "1-0"]
[WhiteElo "2208"]
[BlackElo "2378"]
[PlyCount "0"]
[EventDate "2017.12.28"]
[EventRounds "9"]
[EventCountry "ENG"]

1. e4 {[%clk 1:40:54]} c5 {[%clk 1:40:54]} 2. c3 {[%clk 1:41:00]} Nf6
{[%clk 1:40:46]} 3. e5 {[%clk 1:41:07]} Nd5 {[%clk 1:41:12]} 4. d4
{[%clk 1:41:22]} cxd4 {[%clk 1:41:36]} 5. Nf3 {[%clk 1:41:16]} e6
{[%clk 1:41:55]} 6. cxd4 {[%clk 1:40:59]} d6 {[%clk 1:42:20]} 7. Nc3
{[%clk 1:39:44]} Nxc3 {[%clk 1:42:03]} 8. bxc3 {[%clk 1:40:01]} Qc7
{[%clk 1:42:24]} 9. Bd2 {[%clk 1:39:09]} Nd7 {[%clk 1:42:21]} 10. exd6
{[%clk 1:31:45]} Bxd6 {[%clk 1:42:42]} 11. Bd3 {[%clk 1:32:00]} b6
{[%clk 1:41:44]} 12. O-O {[%clk 1:28:43]} Bb7 {[%clk 1:41:41]} 13. Re1
{[%clk 1:28:01]} O-O {[%clk 1:38:44]} 14. h3 {[%clk 1:17:24]} Rac8
{[%clk 1:30:43]} 15. a4 {[%clk 1:11:45]} Bf4 {[%clk 1:26:34]} 16. Bxf4
{[%clk 0:59:59]} Qxf4 {[%clk 1:26:35]} 17. Re3 {[%clk 1:00:22]} g6
{[%clk 1:13:34]} 18. Qe1 {[%clk 0:54:57]} Rc7 {[%clk 1:10:49]} 19. a5
{[%clk 0:51:58]} Rfc8 {[%clk 1:10:33]} 20. Bb5 {[%clk 0:43:49]} Nf6
{[%clk 1:05:13]} 21. axb6 {[%clk 0:42:12]} axb6 {[%clk 1:05:39]} 22. Ne5
{[%clk 0:40:43]} Nd5 {[%clk 0:50:08]} 23. Rf3 {[%clk 0:40:08]} Qg5
{[%clk 0:41:00]} 24. Rg3 {[%clk 0:38:16]} Qe7 {[%clk 0:38:18]} 25. c4
{[%clk 0:34:07]} Nf6 {[%clk 0:37:19]} 26. Ra7 {[%clk 0:31:06]} Nh5
{[%clk 0:31:47]} 27. Rb3 {[%clk 0:26:28]} Ba8 {[%clk 0:27:13]} 28. Rxc7
{[%clk 0:23:13]} Rxc7 {[%clk 0:26:21]} 29. Qe3 {[%clk 0:21:43]} Ra7
{[%clk 0:24:21]} 30. Rb1 {[%clk 0:17:46]} Ra3 {[%clk 0:22:09]} 31. Qc1
{[%clk 0:18:06]} Be4 {[%clk 0:20:04]} 32. c5 {[%clk 0:15:54]} Bxb1
{[%clk 0:12:07]} 33. Qxa3 {[%clk 0:16:06]} bxc5 {[%clk 0:11:20]} 34. dxc5
{[%clk 0:14:27]} Nf4 {[%clk 0:10:15]} 35. Qa8+ {[%clk 0:13:34]} Qf8
{[%clk 0:09:08]} 36. Qa7 {[%clk 0:10:04]} Be4 {[%clk 0:07:52]} 37. Nd7
{[%clk 0:09:25]} Qd8 {[%clk 0:04:35]} 38. Ne5 {[%clk 0:06:05]} Nxh3+
{[%clk 0:03:17]} 39. gxh3 {[%clk 0:05:50]} Qg5+ {[%clk 0:03:28]} 40. Ng4
{[%clk 0:05:13]} Qf4 {[%clk 0:01:28]} 41. Qe7 {[%clk 0:48:33]} Kg7
{[%clk 0:46:12]} 42. Qd6 {[%clk 0:41:10]} Qc1+ {[%clk 0:41:09]} 43. Bf1
{[%clk 0:40:09]} Bd5 {[%clk 0:40:43]} 44. Qe5+ {[%clk 0:39:20]} Kf8
{[%clk 0:41:10]} 45. Qe3 {[%clk 0:37:18]} 1-0

[Event "Hastings Masters"]
[Site "Horntye, Hastings"]
[Date "2018.01.05"]
[Round "9"]
[Board "10"]
[White "SUN, Xinyue"]
[Black "DERAKHSHANI, Borna"]
[Result "0-1"]
[WhiteElo "2146"]
[BlackElo "2298"]
[PlyCount "0"]
[EventDate "2017.12.28"]
[EventRounds "9"]
[EventCountry "ENG"]

1. e4 {[%clk 1:39:34]} c6 {[%clk 1:40:51]} 2. d4 {[%clk 1:39:55]} d5
{[%clk 1:41:15]} 3. Nd2 {[%clk 1:40:21]} dxe4 {[%clk 1:41:32]} 4. Nxe4
{[%clk 1:40:45]} Bf5 {[%clk 1:41:57]} 5. Ng3 {[%clk 1:41:10]} Bg6
{[%clk 1:42:23]} 6. Nf3 {[%clk 1:40:27]} Nd7 {[%clk 1:42:41]} 7. Bd3
{[%clk 1:40:49]} Ngf6 {[%clk 1:40:56]} 8. O-O {[%clk 1:38:24]} e6
{[%clk 1:41:08]} 9. Re1 {[%clk 1:31:37]} Be7 {[%clk 1:40:16]} 10. Bxg6
{[%clk 1:26:13]} hxg6 {[%clk 1:40:37]} 11. Bg5 {[%clk 1:24:09]} Qc7
{[%clk 1:35:30]} 12. Ne5 {[%clk 1:17:02]} Nxe5 {[%clk 1:33:16]} 13. dxe5
{[%clk 1:17:23]} Rd8 {[%clk 1:33:22]} 14. Qf3 {[%clk 1:12:49]} Nd5
{[%clk 1:32:39]} 15. Bxe7 {[%clk 1:11:09]} Nxe7 {[%clk 1:32:45]} 16. Qa3
{[%clk 1:06:11]} b6 {[%clk 1:26:11]} 17. Rad1 {[%clk 1:00:39]} O-O
{[%clk 1:24:46]} 18. f4 {[%clk 0:54:10]} Rxd1 {[%clk 1:17:14]} 19. Rxd1
{[%clk 0:54:35]} Nd5 {[%clk 1:17:39]} 20. Ne2 {[%clk 0:44:24]} g5
{[%clk 1:13:29]} 21. c4 {[%clk 0:42:42]} Nxf4 {[%clk 1:12:59]} 22. Nxf4
{[%clk 0:43:10]} gxf4 {[%clk 1:12:35]} 23. Qd6 {[%clk 0:34:05]} Rc8
{[%clk 1:10:48]} 24. h4 {[%clk 0:32:28]} Qb7 {[%clk 1:01:22]} 25. Rf1
{[%clk 0:24:54]} c5 {[%clk 0:58:02]} 26. Rxf4 {[%clk 0:24:50]} Qc7
{[%clk 0:57:50]} 27. Qxc7 {[%clk 0:23:07]} Rxc7 {[%clk 0:58:16]} 28. Kf2
{[%clk 0:22:41]} Rd7 {[%clk 0:58:27]} 29. Ke2 {[%clk 0:21:34]} Kh7
{[%clk 0:52:43]} 30. g4 {[%clk 0:13:53]} g5 {[%clk 0:52:34]} 31. hxg5
{[%clk 0:13:01]} Kg6 {[%clk 0:52:53]} 32. Rf2 {[%clk 0:07:43]} Kxg5
{[%clk 0:52:56]} 33. Kf3 {[%clk 0:05:23]} a6 {[%clk 0:47:23]} 34. b3
{[%clk 0:05:25]} b5 {[%clk 0:47:22]} 35. Rc2 {[%clk 0:04:46]} b4 {[%clk 0:45:53]}
36. Rg2 {[%clk 0:04:03]} Rd4 {[%clk 0:42:01]} 37. Ke3 {[%clk 0:03:15]} Rxg4
{[%clk 0:39:26]} 38. Rd2 {[%clk 0:03:42]} Kf5 {[%clk 0:39:03]} 39. Rd6
{[%clk 0:03:56]} Rg3+ {[%clk 0:38:06]} 40. Kf2 {[%clk 0:04:20]} Rc3
{[%clk 0:38:15]} 41. Rxa6 {[%clk 0:02:01]} Kxe5 {[%clk 0:38:31]} 42. Rc6
{[%clk 0:49:48]} Kd4 {[%clk 1:28:42]} 43. Rd6+ {[%clk 0:49:56]} Ke4
{[%clk 1:29:07]} 44. Rc6 {[%clk 0:50:22]} Rc2+ {[%clk 1:29:22]} 45. Kf1
{[%clk 0:49:45]} Kd4 {[%clk 1:29:10]} 46. Rd6+ {[%clk 0:49:55]} Kc3
{[%clk 1:29:34]} 47. Ra6 {[%clk 0:49:29]} e5 {[%clk 1:28:48]} 48. Rc6
{[%clk 0:49:57]} Rxa2 {[%clk 1:28:02]} 49. Rxc5 {[%clk 0:50:26]} f6
{[%clk 1:25:49]} 50. Rc6 {[%clk 0:46:53]} Kxb3 {[%clk 1:26:11]} 51. c5
{[%clk 0:45:52]} Rc2 {[%clk 1:26:10]} 52. Ke1 {[%clk 0:44:43]} f5
{[%clk 1:25:23]} 53. Rf6 {[%clk 0:42:08]} Rxc5 {[%clk 1:25:40]} 54. Rxf5
{[%clk 0:42:33]} Rd5 {[%clk 1:26:07]} 55. Rf8 {[%clk 0:42:37]} Kb2
{[%clk 1:26:21]} 56. Ke2 {[%clk 0:41:57]} b3 {[%clk 1:26:45]} 57. Ke3
{[%clk 0:42:14]} Kb1 {[%clk 1:26:08]} 58. Ke4 {[%clk 0:42:24]} Rd7
{[%clk 1:26:27]} 59. Ra8 {[%clk 0:23:34]} b2 {[%clk 1:25:49]} 60. Ke3
{[%clk 0:23:49]} e4 {[%clk 1:25:39]} 61. Ke2 {[%clk 0:19:15]} Rd3
{[%clk 1:25:50]} 62. Ra4 {[%clk 0:16:10]} Kc2 {[%clk 1:26:00]} 0-1